Spektrálne metódy potláčania hluku MR tomografu v snímanom rečovom signáli

Salvato in:
Dettagli Bibliografici
Autore principale: Reháček, Tomáš (Autore)
Altri autori: Přibilová, Anna (Relatore della tesi)
Natura: Manoscritto Libro
Lingua:slovacco
Pubblicazione: 2015
Soggetti:
Accesso online:http://is.stuba.sk/zp/portal_zp.pl?podrobnosti=111768
Tags: Aggiungi Tag
Nessun Tag, puoi essere il primo ad aggiungerne!!

MARC

LEADER 00000ntm a22000003a 4500
001 stuzp47327
003 SK-STU
005 20160719153151.5
007 ta
008 150427s2015----xo-----f-mn---000-0-slo-d
040 |a STU  |b slo 
041 0 |a slo 
100 1 |a Reháček, Tomáš  |u 033000  |4 aut  |U FEI Fakulta elektrotechniky a informatiky  |T FEI Ústav elektroniky a fotoniky  |X 64911  |U E030  |Y 549  |7 A000064911 
242 0 1 |a Spectral methods noise suppression MR tomograph in recording speech signal  |y eng 
245 1 0 |a Spektrálne metódy potláčania hluku MR tomografu v snímanom rečovom signáli 
260 |c 2015 
300 |a 46 s., príl.  |b DVD 
650 4 |a snímanie  |2 slo 
650 4 |a signál  |2 slo 
650 4 |a filtrácia  |2 slo 
650 4 |a hluk  |2 slo 
650 4 |a tomograf  |2 slo 
650 4 |a signal recording  |2 eng 
650 4 |a signal  |2 eng 
650 4 |a filtering  |2 eng 
650 4 |a tomograph  |2 eng 
650 4 |a noise  |2 eng 
700 1 |a Přibilová, Anna  |4 ths  |X 2073  |7 2073 
856 4 |u http://is.stuba.sk/zp/portal_zp.pl?podrobnosti=111768 
996 |b 284EP11120  |c E*DIPL- 11120  |l EE33  |s P  |a 0  |w stuzp47327_0001 
SQL |a stuzp47327  |b DDP  |c SLO  |d Spektrálne metódy potláčania hluku MR tomografu v snímanom rečovom signáli  |e 64911  |f Reháček, Tomáš  |g 033000  |h 2073  |i Přibilová, Anna  |j 20150619  |k 85  |l 03  |m http://is.stuba.sk/zp/portal_zp.pl?podrobnosti=111768  |n I-RE  |o 5.2.13. elektronika